[Event "Titled Tue 17th Jun Early"]
[Site "chess.com INT"]
[Date "2025.06.17"]
[Round "11"]
[White "Bacus, Dharim"]
[Black "Ersoz, Teoman Guney"]
[Result "1-0"]
[WhiteTitle "FM"]
[BlackTitle "CM"]
[WhiteElo "2131"]
[BlackElo "2052"]
[WhiteFideId "5201527"]
[BlackFideId "44537050"]
[EventDate "2025.06.17"]

1. e4 c5 2. Nf3 e6 3. d4 cxd4 4. Nxd4 Nf6 5. Nc3 Nc6 6. Nxc6 bxc6 7. e5 Nd5 8.
Ne4 Qc7 9. f4 Qb6 10. c4 Bb4+ 11. Ke2 Ba6 12. Kf3 Ne7 13. a3 Bc5 14. b4 Bd4 15.
c5 Bxc5 16. bxc5 1-0

[Event "Titled Tue 17th Jun Early"]
[Site "chess.com INT"]
[Date "2025.06.17"]
[Round "11"]
[White "Raptis, Nick"]
[Black "Myagmarsuren, Evsuld"]
[Result "1-0"]
[WhiteTitle "FM"]
[BlackTitle "FM"]
[WhiteElo "2220"]
[BlackElo "2292"]
[WhiteFideId "2016850"]
[BlackFideId "1551639"]
[EventDate "2025.06.17"]

1. d4 d5 2. Nc3 Nf6 3. Bg5 e6 4. e4 dxe4 5. Nxe4 Be7 6. Bxf6 Bxf6 7. Nf3 O-O 8.
Bd3 Bxd4 9. c3 Bf6 10. Qc2 h6 11. O-O-O Qe7 12. g4 Nc6 13. h4 Ne5 14. g5 Nxf3
15. gxf6 gxf6 16. Qe2 Ne5 17. Rhg1+ Kh8 18. Qh5 Nxd3+ 19. Rxd3 Kh7 20. Rdg3 1-0

[Event "Titled Tue 17th Jun Early"]
[Site "chess.com INT"]
[Date "2025.06.17"]
[Round "11"]
[White "Yezhel, Valiantsin"]
[Black "Safin Safarullakhan"]
[Result "0-1"]
[WhiteTitle "FM"]
[BlackTitle "CM"]
[WhiteElo "2256"]
[BlackElo "2028"]
[WhiteFideId "13504983"]
[BlackFideId "33379475"]
[EventDate "2025.06.17"]

1. h4 d5 2. a4 e5 3. h5 h6 4. a5 a6 5. e3 Nc6 6. b3 Nf6 7. Bb2 d4 8. Nf3 Bg4 9.
exd4 e4 10. Qe2 Be7 11. d5 exf3 12. gxf3 Qxd5 13. Bxf6 Bxf3 14. c4 Qf5 15. Qd3
Qxf6 16. Rh3 Qxa1 17. Rxf3 Ne5 18. Qd5 Nxf3+ 19. Qxf3 Qxb1+ 0-1

[Event "Titled Tue 17th Jun Early"]
[Site "chess.com INT"]
[Date "2025.06.17"]
[Round "11"]
[White "Gholami Orimi, Mahdi"]
[Black "Carlsen, Magnus"]
[Result "1/2-1/2"]
[WhiteTitle "GM"]
[BlackTitle "GM"]
[WhiteElo "2511"]
[BlackElo "2837"]
[WhiteFideId "12558486"]
[BlackFideId "1503014"]
[EventDate "2025.06.17"]

1. d4 Nf6 2. c4 g6 3. Nc3 Bg7 4. Nf3 O-O 5. g3 d6 6. Bg2 Nbd7 7. O-O e5 8. e4
Re8 9. h3 b6 10. Re1 exd4 11. Nxd4 Bb7 12. Bf4 Nc5 13. Qc2 Nh5 14. Be3 Nf6 15.
Bf4 Nh5 16. Be3 Nf6 17. Bf4 1/2-1/2

[Event "Titled Tue 17th Jun Early"]
[Site "chess.com INT"]
[Date "2025.06.17"]
[Round "11"]
[White "Shermuhammadov, Samandar"]
[Black "Rustamov, Rustam"]
[Result "0-1"]
[WhiteTitle "FM"]
[BlackTitle "FM"]
[WhiteElo "2110"]
[BlackElo "2334"]
[WhiteFideId "14205602"]
[BlackFideId "13440110"]
[EventDate "2025.06.17"]

1. e4 c5 2. Nf3 d6 3. d4 cxd4 4. Qxd4 e5 5. Qe3 Nf6 6. h3 Nc6 7. Bb5 a6 8. Ba4
Be7 9. c4 O-O 10. Nc3 Be6 11. Bxc6 bxc6 12. b3 d5 13. cxd5 cxd5 14. exd5 Nxd5
15. Nxd5 Qxd5 16. O-O Bc5 17. Qe2 e4 18. Nd2 f5 19. Bb2 Rad8 20. Rfd1 Qd3 21.
Qxd3 Rxd3 22. Nc4 Bxc4 23. bxc4 Rfd8 24. Rxd3 Rxd3 25. Kf1 Rd2 26. Rb1 Rxf2+ 27.
Ke1 Rxg2 0-1

[Event "Titled Tue 17th Jun Early"]
[Site "chess.com INT"]
[Date "2025.06.17"]
[Round "11"]
[White "Winkels, Marcel"]
[Black "Kozak, Magdalena"]
[Result "1-0"]
[WhiteTitle "CM"]
[BlackTitle "WIM"]
[WhiteElo "1905"]
[BlackElo "2176"]
[WhiteFideId "1003887"]
[BlackFideId "1124757"]
[EventDate "2025.06.17"]

1. e4 c5 2. d4 cxd4 3. c3 dxc3 4. Nxc3 Nc6 5. Nf3 d6 6. Bc4 e6 7. Qe2 Be7 8. O-O
Nf6 9. Rd1 Qd7 10. e5 Nd5 11. Nxd5 exd5 12. Bxd5 O-O 13. Bf4 Re8 14. Qc4 Bf8 15.
exd6 Rb8 16. Bxc6 bxc6 17. Ne5 1-0

[Event "Titled Tue 17th Jun Early"]
[Site "chess.com INT"]
[Date "2025.06.17"]
[Round "11"]
[White "Pranav, V"]
[Black "Aradhya, Garg"]
[Result "1-0"]
[WhiteTitle "GM"]
[BlackTitle "IM"]
[WhiteElo "2595"]
[BlackElo "2370"]
[WhiteFideId "25060783"]
[BlackFideId "25006746"]
[EventDate "2025.06.17"]

1. e4 c6 2. d4 d5 3. e5 Bf5 4. Nf3 e6 5. Be2 Nd7 6. O-O Ne7 7. c3 h6 8. Na3 g5
9. Nc2 Bh7 10. Nfe1 Ng6 11. Bd3 Be7 12. Qh5 Bf8 13. f4 gxf4 14. Bxf4 Qh4 15.
Bxg6 Qxh5 16. Bxh5 Bg6 17. Bxg6 fxg6 18. Nd3 Be7 19. Be3 g5 20. Rf2 Nf8 21. Raf1
Rh7 22. Nc5 b6 23. Nb7 Ng6 24. Nd6+ Kd7 25. Rf7 Rxf7 26. Rxf7 Rf8 27. Rh7 Nf4
28. Bxf4 Rxf4 29. Nc8 Kxc8 30. Rxe7 1-0

[Event "Titled Tue 17th Jun Early"]
[Site "chess.com INT"]
[Date "2025.06.17"]
[Round "11"]
[White "Mora Munoz, Alejandro"]
[Black "Marynychenko, Yehor"]
[Result "1-0"]
[WhiteTitle "FM"]
[BlackTitle "CM"]
[WhiteElo "2147"]
[BlackElo "2183"]
[WhiteFideId "4469844"]
[BlackFideId "34160558"]
[EventDate "2025.06.17"]

1. e4 c5 2. Nf3 Nc6 3. d4 cxd4 4. Nxd4 Nf6 5. Nc3 e6 6. Ndb5 Bb4 7. a3 Bxc3+ 8.
Nxc3 d5 9. exd5 exd5 10. Bd3 O-O 11. O-O d4 12. Ne2 Bg4 13. f3 Bh5 14. Bg5 Bg6
15. Bxg6 fxg6 16. Qd3 Qd5 17. Bh4 g5 18. Bf2 Rad8 19. Rad1 g4 20. Nxd4 Nxd4 21.
Bxd4 gxf3 22. Rxf3 Ne4 23. Rxf8+ Rxf8 24. c3 Nd6 25. Bxa7 Qf7 26. Qxd6 Qf2+ 27.
Bxf2 1-0

[Event "Titled Tue 17th Jun Early"]
[Site "chess.com INT"]
[Date "2025.06.17"]
[Round "11"]
[White "Sitnic, Adnan"]
[Black "Figuero Toro, Julian Francisco"]
[Result "0-1"]
[WhiteTitle "CM"]
[BlackTitle "FM"]
[WhiteElo "2058"]
[BlackElo "2182"]
[WhiteFideId "14403854"]
[BlackFideId "2210347"]
[EventDate "2025.06.17"]

1. e4 d6 2. d4 Nf6 3. Nc3 e5 4. dxe5 dxe5 5. Qxd8+ Kxd8 6. Bc4 Be6 7. Bxe6 fxe6
8. Nf3 Bd6 9. Bg5 Nd7 10. O-O-O Ke7 11. Nd2 h6 12. Bxf6+ gxf6 13. f3 a6 14. Nc4
Bc5 15. a3 b5 16. Na5 Nb8 17. Nb3 Bd6 18. Kb1 Nd7 19. Rd3 Rhb8 20. Rhd1 a5 21.
a4 bxa4 22. Nxa4 Rb4 23. Nc3 a4 24. Nc1 Rab8 25. b3 Nc5 26. Ka2 axb3+ 27. Nxb3
Nxd3 28. Rxd3 c5 29. Rd1 c4 30. Nd2 Ra8+ 31. Na4 Raxa4# 0-1

[Event "Titled Tue 17th Jun Early"]
[Site "chess.com INT"]
[Date "2025.06.17"]
[Round "11"]
[White "Dann, Matthias"]
[Black "Platzgummer, Fabian"]
[Result "1-0"]
[WhiteTitle "IM"]
[BlackTitle "IM"]
[WhiteElo "2446"]
[BlackElo "2293"]
[WhiteFideId "24638056"]
[BlackFideId "1617222"]
[EventDate "2025.06.17"]

1. e4 c6 2. d4 d5 3. exd5 cxd5 4. Bd3 Nf6 5. c3 Nc6 6. Bf4 h6 7. Nd2 a6 8. h3 g5
9. Bh2 h5 10. Qe2 g4 11. Be5 Nxe5 12. dxe5 Nd7 13. hxg4 Bg7 14. e6 Ne5 15. exf7+
Kxf7 16. gxh5 Bg4 17. Ngf3 Nxd3+ 18. Qxd3 Bxh5 19. Qf5+ Bf6 20. Rxh5 Qb6 21.
Ne5+ Ke8 22. Qg6+ Kd8 23. Rxh8+ Bxh8 24. Qxb6+ Kc8 25. Qe6+ Kc7 26. Qd7+ Kb6 27.
Qxd5 Bxe5 28. Nc4+ 1-0

[Event "Titled Tue 17th Jun Early"]
[Site "chess.com INT"]
[Date "2025.06.17"]
[Round "11"]
[White "Kapra, Jerjis"]
[Black "Palczert, Matyas"]
[Result "0-1"]
[BlackTitle "FM"]
[WhiteElo "2055"]
[BlackElo "2396"]
[WhiteFideId "2640341"]
[BlackFideId "784958"]
[EventDate "2025.06.17"]

1. e4 e5 2. Nf3 Nc6 3. d4 exd4 4. Bc4 Nf6 5. e5 Ng4 6. O-O d6 7. exd6 Bxd6 8.
Re1+ Be7 9. h3 Nf6 10. c3 dxc3 11. Qb3 O-O 12. Ng5 Na5 13. Bxf7+ Kh8 14. Qxc3
Nc6 15. Bb3 Bb4 16. Qc2 Bxe1 17. Nf7+ Rxf7 18. Bxf7 Qe7 19. Bb3 Nd4 20. Qd1 Nxb3
21. Qxb3 Be6 22. Qxb7 Bd5 23. Qb3 0-1

[Event "Titled Tue 17th Jun Early"]
[Site "chess.com INT"]
[Date "2025.06.17"]
[Round "11"]
[White "Shahinyan, Vladimir"]
[Black "Jahnz, Laurin"]
[Result "0-1"]
[WhiteTitle "CM"]
[BlackTitle "CM"]
[WhiteElo "2202"]
[BlackElo "2221"]
[WhiteFideId "13314599"]
[BlackFideId "16261089"]
[EventDate "2025.06.17"]

1. Nc3 d5 2. e4 dxe4 3. Nxe4 Nf6 4. Bd3 Nxe4 5. Bxe4 e5 6. d3 Bc5 7. Ne2 O-O 8.
O-O f5 9. Bf3 Nc6 10. c3 Qf6 11. b4 Bd6 12. b5 Ne7 13. Ng3 g5 14. Bd5+ Nxd5 15.
Nh5 Qh6 16. h4 f4 17. Qf3 Nf6 18. Nxf6+ Rxf6 19. hxg5 Qxg5 20. d4 Bg4 21. Qd5+
Be6 22. Qxb7 Raf8 23. dxe5 Qxe5 24. Qxa7 f3 25. g3 Bc5 26. Qa4 Qxg3+ 0-1

[Event "Titled Tue 17th Jun Early"]
[Site "chess.com INT"]
[Date "2025.06.17"]
[Round "11"]
[White "Montano Vicente, Guadalupe"]
[Black "Arya G Mallar"]
[Result "1-0"]
[BlackTitle "WCM"]
[WhiteElo "1938"]
[BlackElo "2000"]
[WhiteFideId "5181399"]
[BlackFideId "25115324"]
[EventDate "2025.06.17"]

1. d4 Nf6 2. c4 e6 3. Nc3 Bb4 4. Qc2 O-O 5. e4 d5 6. e5 Ne4 7. Bd3 c5 8. a3 Ba5
9. Nf3 cxd4 10. Nxd4 Nd7 11. Nf3 Nxc3 12. bxc3 dxc4 13. Bxh7+ Kh8 14. Be4 Qc7
15. Bf4 Nc5 16. O-O Rb8 17. Bg3 b5 18. Ng5 Bb7 19. Bxb7 Qxb7 20. Qh7# 1-0

[Event "Titled Tue 17th Jun Early"]
[Site "chess.com INT"]
[Date "2025.06.17"]
[Round "11"]
[White "Castillo, Santiago"]
[Black "Willim, Michael"]
[Result "0-1"]
[BlackTitle "CM"]
[WhiteElo "2163"]
[BlackElo "2024"]
[WhiteFideId "108936"]
[BlackFideId "4632435"]
[EventDate "2025.06.17"]

1. e4 e6 2. c4 d5 3. cxd5 exd5 4. exd5 Nf6 5. Nc3 Be7 6. Bb5+ Nbd7 7. Nf3 O-O 8.
O-O a6 9. Be2 Nb6 10. d4 Nbxd5 11. Ne5 Be6 12. Bf3 Nxc3 13. bxc3 Bd5 14. Rb1 Bd6
15. c4 Bxf3 16. Nxf3 b5 17. c5 Be7 18. Re1 Re8 19. Bg5 h6 20. Bh4 Nd5 21. Bg3
Nc3 22. Qc2 Nxb1 23. Qxb1 Bf6 24. Be5 Bxe5 25. Nxe5 Qxd4 26. Qf5 Re7 27. Kh1 0-1

[Event "Titled Tue 17th Jun Early"]
[Site "chess.com INT"]
[Date "2025.06.17"]
[Round "11"]
[White "Caruana, Fabiano"]
[Black "Sanal, Vahap"]
[Result "1-0"]
[WhiteTitle "GM"]
[BlackTitle "GM"]
[WhiteElo "2777"]
[BlackElo "2564"]
[WhiteFideId "2020009"]
[BlackFideId "6300545"]
[EventDate "2025.06.17"]

1. e4 e5 2. Nf3 Nc6 3. Nc3 Nf6 4. h3 d5 5. exd5 Nxd5 6. Bb5 Nxc3 7. bxc3 Bd6 8.
O-O O-O 9. d4 exd4 10. cxd4 h6 11. Re1 Qf6 12. Bb2 a6 13. Bf1 Qg6 14. Bd3 Qh5
15. c4 b6 16. Rc1 Bb7 17. d5 Ne7 18. Be5 Rfe8 19. a4 b5 20. c5 Bxe5 21. Rxe5 g5
22. c6 Bc8 23. Qe2 Kf8 24. Re1 1-0

[Event "Titled Tue 17th Jun Early"]
[Site "chess.com INT"]
[Date "2025.06.17"]
[Round "11"]
[White "Hury, Tymoteusz"]
[Black "Yao, Hanchi"]
[Result "1-0"]
[WhiteTitle "CM"]
[WhiteElo "2115"]
[BlackElo "2129"]
[WhiteFideId "21839328"]
[BlackFideId "30957397"]
[EventDate "2025.06.17"]

1. c4 e5 2. Nc3 Nf6 3. g3 d5 4. cxd5 Nxd5 5. Bg2 Nb6 6. Nf3 Nc6 7. d3 Be7 8. O-O
O-O 9. a3 Re8 10. b4 Bf8 11. Bb2 Nd4 12. Ne4 h6 13. Rc1 Be6 14. Nc5 Bxc5 15.
bxc5 Bb3 16. Qd2 Na4 17. Bxd4 exd4 18. Qb4 Qd5 19. Nxd4 Qe5 20. Nxb3 Nb2 21. Nd4
Rad8 22. Qxb2 Rxd4 23. Bf3 Red8 24. Qxb7 g5 25. Qb3 h5 26. Bxh5 1-0

[Event "Titled Tue 17th Jun Early"]
[Site "chess.com INT"]
[Date "2025.06.17"]
[Round "11"]
[White "Bratovic, Blaz"]
[Black "Buyankhishig, Batpelden"]
[Result "1-0"]
[WhiteTitle "IM"]
[BlackTitle "WFM"]
[WhiteElo "2319"]
[BlackElo "2015"]
[WhiteFideId "14603551"]
[BlackFideId "4923537"]
[EventDate "2025.06.17"]

1. e4 e5 2. Nf3 Nc6 3. Bc4 Nf6 4. d3 Be7 5. O-O O-O 6. c3 d5 7. exd5 Nxd5 8. Re1
Bg4 9. h3 Bxf3 10. Qxf3 Nb6 11. Bb5 Bd6 12. Bxc6 bxc6 13. Qxc6 f5 14. Nd2 Qf6
15. Nc4 e4 16. Nxd6 cxd6 17. dxe4 fxe4 18. Be3 d5 19. Qxf6 Rxf6 20. Rad1 Rd8 21.
Re2 Nc4 22. Bc1 Ra6 23. Rxe4 Rxa2 24. Rxc4 dxc4 25. Rxd8+ Kf7 26. Rd1 Ra1 27.
Rf1 a5 28. Be3 Ra2 29. Rb1 Ke6 30. Kf1 a4 31. Bc5 Kd5 32. Ba3 Ke4 33. Ke2 h5 34.
h4 g6 35. Kd2 Kf4 36. Kc2 Kg4 37. g3 Kf3 38. Rc1 Kxf2 39. Kb1 Rxa3 40. bxa3 Kxg3
41. Rg1+ Kxh4 42. Rxg6 Kh3 43. Rc6 h4 44. Rxc4 Kg3 45. Rxa4 h3 46. Ra8 h2 47.
Rg8+ 1-0

[Event "Titled Tue 17th Jun Early"]
[Site "chess.com INT"]
[Date "2025.06.17"]
[Round "11"]
[White "Liu, Casper"]
[Black "Ghosh, Chanchal Kumer"]
[Result "1-0"]
[WhiteTitle "FM"]
[BlackTitle "CM"]
[WhiteElo "2325"]
[BlackElo "2018"]
[WhiteFideId "1454153"]
[BlackFideId "10201858"]
[EventDate "2025.06.17"]

1. d4 d5 2. c4 e6 3. Nf3 Nf6 4. g3 c6 5. Bg2 Nbd7 6. O-O Bd6 7. Qc2 O-O 8. Rd1
h6 9. b3 Re8 10. Bb2 Ne4 11. Nc3 f5 12. Ne1 Qg5 13. Bc1 Qh5 14. Nxe4 fxe4 15. f3
Nf6 16. fxe4 Ng4 17. Nf3 Bc7 18. e5 Rf8 19. h3 Nxe5 20. Nxe5 Bxe5 21. dxe5 Qxe5
22. Bf4 Qf6 23. Rf1 e5 24. Be3 Qe6 25. Rxf8+ Kxf8 26. Qh7 d4 27. Rf1+ 1-0

[Event "Titled Tue 17th Jun Early"]
[Site "chess.com INT"]
[Date "2025.06.17"]
[Round "11"]
[White "Guerrero Cataldo, Juan Andres"]
[Black "Herrera Ortiz, Miguel"]
[Result "0-1"]
[WhiteTitle "CM"]
[BlackTitle "IM"]
[WhiteElo "2082"]
[BlackElo "2174"]
[WhiteFideId "3421260"]
[BlackFideId "5100550"]
[EventDate "2025.06.17"]

1. e4 e6 2. d3 d5 3. Nd2 Nf6 4. Ngf3 c5 5. g3 Nc6 6. Bg2 Be7 7. O-O Qc7 8. c3 b5
9. a4 b4 10. Re1 O-O 11. exd5 Nxd5 12. Nc4 bxc3 13. bxc3 Nxc3 14. Qc2 Nd5 15.
Bb2 Bf6 16. Bxf6 Nxf6 17. Nce5 Nb4 18. Qc3 Bb7 19. Rac1 Rac8 20. d4 Na2 21. Qxc5
Nxc1 22. Rxc1 Qb8 23. Qa3 Rxc1+ 24. Qxc1 Bd5 25. g4 Rc8 26. Qf4 Qb1+ 27. Bf1 h6
28. h4 Qe4 29. Qg3 Rc1 30. Kg2 Qb1 31. Bd3 Rg1+ 32. Kh2 Rh1+ 0-1

[Event "Titled Tue 17th Jun Early"]
[Site "chess.com INT"]
[Date "2025.06.17"]
[Round "11"]
[White "Li, Eric 2007"]
[Black "Yatskar, Martin"]
[Result "0-1"]
[WhiteTitle "IM"]
[BlackTitle "CM"]
[WhiteElo "2372"]
[BlackElo "2225"]
[WhiteFideId "30939941"]
[BlackFideId "34109676"]
[EventDate "2025.06.17"]

1. d4 d5 2. c4 e6 3. Nf3 c5 4. cxd5 exd5 5. Nc3 Nf6 6. g3 Nc6 7. Bg2 Be7 8. O-O
O-O 9. Bg5 c4 10. Ne5 Be6 11. Nxc6 bxc6 12. b3 h6 13. Bxf6 Bxf6 14. bxc4 dxc4
15. e3 c5 16. Ne4 cxd4 17. Nxf6+ gxf6 18. Bxa8 Qxa8 19. Qxd4 Bh3 20. e4 Bxf1 21.
Rxf1 Rc8 22. Rc1 Qc6 23. Rc3 a5 24. Qd5 Qxd5 25. exd5 Kf8 26. Kg2 Ke7 27. Kf3
Kd6 28. Ke4 Kc5 29. Ra3 Re8+ 30. Kf5 Kb4 31. Rf3 c3 32. Rf4+ Kc5 33. Rf3 Kd4 34.
Rxc3 Kxc3 35. Kxf6 Rd8 36. Ke5 Kc4 0-1

[Event "Titled Tue 17th Jun Early"]
[Site "chess.com INT"]
[Date "2025.06.17"]
[Round "11"]
[White "Brady, Tyson"]
[Black "Celik, Ali Alper"]
[Result "0-1"]
[WhiteTitle "CM"]
[BlackTitle "FM"]
[WhiteElo "2170"]
[BlackElo "2213"]
[WhiteFideId "30970369"]
[BlackFideId "44569955"]
[EventDate "2025.06.17"]

1. Nf3 d5 2. g3 c6 3. Bg2 Nf6 4. O-O Bg4 5. d3 e6 6. c4 dxc4 7. dxc4 Qxd1 8.
Rxd1 Nbd7 9. Nc3 Bb4 10. Bd2 O-O 11. h3 Bxf3 12. exf3 Ne5 13. b3 Rfd8 14. Be1
Nd3 15. Nd5 Bxe1 16. Rxd3 Bxf2+ 17. Kxf2 exd5 18. Rad1 Re8 19. cxd5 Nxd5 20. f4
Nb6 21. Bf3 g6 22. g4 Re7 23. g5 Rae8 24. h4 Nd5 25. Bxd5 Re2+ 26. Kf3 cxd5 27.
R1d2 R8e3+ 28. Rxe3 Rxd2 29. f5 gxf5 30. h5 Kg7 31. Re7 Rxa2 32. Rxb7 d4 33. Rd7
Ra3 34. Rxd4 Rxb3+ 35. Kf4 a5 36. Kxf5 Rb5+ 37. Ke4 Rb4 38. Rxb4 axb4 39. Kd4 h6
40. g6 fxg6 41. hxg6 h5 42. Kc4 h4 43. Kxb4 h3 0-1

[Event "Titled Tue 17th Jun Early"]
[Site "chess.com INT"]
[Date "2025.06.17"]
[Round "11"]
[White "Rosenbecker, Daniel"]
[Black "Verbovsky, Michal"]
[Result "0-1"]
[WhiteTitle "CM"]
[BlackTitle "CM"]
[WhiteElo "2109"]
[BlackElo "2172"]
[WhiteFideId "1718959"]
[BlackFideId "14934213"]
[EventDate "2025.06.17"]

1. b3 Nc6 2. Bb2 e5 3. e3 f6 4. Bd3 g6 5. h4 Bg7 6. h5 Nge7 7. hxg6 hxg6 8.
Rxh8+ Bxh8 9. Qg4 Kf7 10. Qh4 d5 11. Nf3 e4 12. Qh7+ Bg7 13. Ng5+ Kf8 14. Be2
Ne5 15. Bxe5 fxe5 16. Nc3 Bf5 17. O-O-O Ng8 18. g4 Qxg5 19. gxf5 Qxf5 20. Nxd5
Nf6 21. Nxf6 Qxf6 22. Bc4 Ke7 23. d3 Rh8 24. Qxh8 Bxh8 25. Rd2 exd3 26. Bxd3 e4 0-1

[Event "Titled Tue 17th Jun Early"]
[Site "chess.com INT"]
[Date "2025.06.17"]
[Round "11"]
[White "Weerasekara, Dishal Nimsara"]
[Black "Vihaan Dumir"]
[Result "1-0"]
[WhiteTitle "FM"]
[BlackTitle "CM"]
[WhiteElo "2125"]
[BlackElo "2230"]
[WhiteFideId "9997431"]
[BlackFideId "25901010"]
[EventDate "2025.06.17"]

1. c4 e6 2. Nf3 d5 3. g3 Nf6 4. Bg2 Bd6 5. O-O O-O 6. d4 h6 7. Nc3 Nc6 8. b3
dxc4 9. bxc4 e5 10. d5 Na5 11. c5 Bxc5 12. Nxe5 Re8 13. Nf3 Bf5 14. Nh4 Bh7 15.
e4 Nxe4 16. Nxe4 Bxe4 17. Bxe4 Rxe4 18. Qh5 Bd4 19. Rb1 Re5 20. Qg4 Qxd5 21. Bf4
Re4 22. Nf5 Qe6 23. Rb4 c5 24. Rxd4 cxd4 25. Qxg7# 1-0

[Event "Titled Tue 17th Jun Early"]
[Site "chess.com INT"]
[Date "2025.06.17"]
[Round "11"]
[White "Masague Artero, Guerau"]
[Black "Craciun, Sasha-Matei"]
[Result "1-0"]
[WhiteTitle "FM"]
[BlackTitle "FM"]
[WhiteElo "2326"]
[BlackElo "2320"]
[WhiteFideId "32098952"]
[BlackFideId "1281186"]
[EventDate "2025.06.17"]

1. c4 Nf6 2. Nc3 e6 3. e4 d5 4. e5 Nfd7 5. d4 Bb4 6. Qg4 Kf8 7. a3 Bxc3+ 8. bxc3
c5 9. Nf3 Nc6 10. Bd3 dxc4 11. Bxc4 Nb6 12. Bd3 cxd4 13. cxd4 h5 14. Qe4 f5 15.
exf6 Qxf6 16. O-O Kf7 17. Bg5 Qf5 18. Qe3 Qd5 19. Qf4+ Kg8 20. Bg6 e5 1-0

[Event "Titled Tue 17th Jun Early"]
[Site "chess.com INT"]
[Date "2025.06.17"]
[Round "11"]
[White "Malikova, Marjona"]
[Black "Demchenko, Yaroslav"]
[Result "0-1"]
[WhiteTitle "WIM"]
[BlackTitle "CM"]
[WhiteElo "2055"]
[BlackElo "2263"]
[WhiteFideId "14212463"]
[BlackFideId "14186667"]
[EventDate "2025.06.17"]

1. d4 e6 2. c4 d5 3. Nc3 a6 4. Qc2 dxc4 5. e4 b5 6. a4 b4 7. Nd1 c5 8. dxc5 Bxc5
9. Bxc4 Nf6 10. Nf3 O-O 11. O-O Bb7 12. Bd3 Nbd7 13. Bg5 Rc8 14. e5 Bxf3 15.
exf6 gxf6 16. Bh6 Bd5 17. Bxh7+ Kh8 18. Qd3 Rg8 19. Bxg8 Qxg8 20. g3 Ne5 21.
Qxa6 Nf3+ 22. Kh1 Ra8 23. Qxa8 Bxa8 24. Ne3 Qh7 25. Bf4 Qxh2# 0-1

[Event "Titled Tue 17th Jun Early"]
[Site "chess.com INT"]
[Date "2025.06.17"]
[Round "11"]
[White "Venkatesh, Narayan"]
[Black "Anakok, Deniz"]
[Result "1-0"]
[WhiteTitle "FM"]
[BlackTitle "CM"]
[WhiteElo "2168"]
[BlackElo "2058"]
[WhiteFideId "30987881"]
[BlackFideId "51603586"]
[EventDate "2025.06.17"]

1. Nf3 Nf6 2. e3 e6 3. c4 d5 4. b3 c5 5. Bb2 Nc6 6. cxd5 exd5 7. d4 cxd4 8. Nxd4
Be6 9. Bd3 Be7 10. O-O O-O 11. Nd2 Ne5 12. Bc2 Ng6 13. N2f3 Qd7 14. Rc1 Rac8 15.
Qd3 h6 16. h3 Ne4 17. Nd2 Nc5 18. Qe2 a6 19. Rfd1 b5 20. f4 Nh4 21. N2f3 Nxf3+
22. Qxf3 Ne4 23. f5 Ng5 24. Qf2 Bd6 25. h4 Ne4 26. Bxe4 dxe4 27. fxe6 fxe6 28.
Qe2 1-0

[Event "Titled Tue 17th Jun Early"]
[Site "chess.com INT"]
[Date "2025.06.17"]
[Round "11"]
[White "Montejo Bello, Lorena Beatriz"]
[Black "Hehir, Michael"]
[Result "1-0"]
[WhiteTitle "WFM"]
[WhiteElo "2090"]
[BlackElo "2009"]
[WhiteFideId "3529045"]
[BlackFideId "2047411"]
[EventDate "2025.06.17"]

1. e4 c5 2. Nf3 g6 3. d4 cxd4 4. Nxd4 Nc6 5. c4 Bg7 6. Be3 Nf6 7. Nc3 O-O 8. Be2
d6 9. O-O Bd7 10. Qd2 Rc8 11. Rac1 Qa5 12. Rfd1 Rfd8 13. b3 a6 14. f3 Nxd4 15.
Bxd4 b5 16. cxb5 axb5 17. Qb2 b4 18. Nd5 Nxd5 19. Bxg7 Nc3 20. Bxc3 bxc3 21. Qc2
Rc5 22. Bc4 Ra8 23. Qxc3 Qxc3 24. Rxc3 Ra3 25. Rdc1 Rca5 26. b4 Rxc3 27. Rxc3
Ra7 28. Rc2 Ra3 29. Rb2 Rc3 30. Be2 Bc8 31. a4 Kf8 32. a5 Bb7 33. b5 Ra3 34. a6
Ba8 35. b6 Rxa6 36. Bxa6 1-0

[Event "Titled Tue 17th Jun Early"]
[Site "chess.com INT"]
[Date "2025.06.17"]
[Round "11"]
[White "Iniyan, Pa"]
[Black "Postny, Evgeny"]
[Result "1-0"]
[WhiteTitle "GM"]
[BlackTitle "GM"]
[WhiteElo "2573"]
[BlackElo "2525"]
[WhiteFideId "25002767"]
[BlackFideId "2804344"]
[EventDate "2025.06.17"]

1. c4 e5 2. Nf3 Nc6 3. g3 d6 4. Bg2 f5 5. O-O Nf6 6. Nc3 g6 7. Rb1 a5 8. a3 Bg7
9. b4 axb4 10. axb4 O-O 11. d3 Qe8 12. b5 Nd8 13. Nd2 Ne6 14. Bb2 Kh8 15. Ra1
Rxa1 16. Qxa1 b6 17. Qa7 g5 18. Nd5 Rf7 19. Ra1 Nxd5 20. cxd5 Nc5 21. Qb8 Qd8
22. Ra8 Rf8 23. Ra7 Rf7 24. Nc4 Kg8 25. Ba3 Bf6 26. Bxc5 dxc5 27. d6 cxd6 28.
Bd5 Be7 29. Bxf7+ Kxf7 30. Qxc8 1-0

[Event "Titled Tue 17th Jun Early"]
[Site "chess.com INT"]
[Date "2025.06.17"]
[Round "11"]
[White "Guliev, Gasan"]
[Black "Essing, Arnold"]
[Result "1-0"]
[WhiteTitle "CM"]
[BlackTitle "FM"]
[WhiteElo "2123"]
[BlackElo "2197"]
[WhiteFideId "34165638"]
[BlackFideId "4619862"]
[EventDate "2025.06.17"]

1. d4 d5 2. Bg5 h6 3. Bh4 c5 4. dxc5 Qa5+ 5. Nc3 e6 6. e4 Bxc5 7. exd5 Qb4 8.
dxe6 Qxh4 9. exf7+ Kxf7 10. Qd5+ Be6 11. Qxc5 Nc6 12. Nf3 Qb4 13. Qxb4 Nxb4 14.
O-O-O Nf6 15. Ne5+ Kg8 16. a3 Nbd5 17. Bc4 Rd8 18. Nxd5 Bxd5 19. Ng6 1-0